[Event "EU-chT (Men) 15th"]
[Site "Gothenburg"]
[Date "2005.08.05"]
[Round "7.1"]
[White "Bacrot, Etienne"]
[Black "Akopian, Vladimir Eduardovic"]
[Result "1/2-1/2"]
[WhiteElo "2729"]
[BlackElo "2705"]
[Annotator "Huebner,R"]
[PlyCount "67"]
[EventDate "2005.07.30"]
[EventType "team-swiss"]
[EventRounds "9"]
[EventCountry "SWE"]
[SourceTitle "CBM 109"]
[Source "ChessBase"]
[SourceDate "2005.11.14"]
[SourceVersion "1"]
[SourceVersionDate "2005.11.14"]
[SourceQuality "1"]
[WhiteTeam "France"]
[BlackTeam "Armenia"]
[WhiteTeamCountry "FRA"]
[BlackTeamCountry "ARM"]

1. d4 d5 2. c4 c6 3. Nc3 Nf6 4. Nf3 dxc4 5. a4 Bf5 6. e3 e6 7. Bxc4 Bb4 8. O-O
Nbd7 9. Qe2 Bg6 10. e4 O-O 11. Bd3 Bh5 12. e5 Nd5 13. Nxd5 cxd5 14. Qe3 Be7 15.
Ng5 Bxg5 16. Qxg5 Bg6 17. Bxg6 fxg6 18. Qg4 Rf5 $11 {Dies ist genauer als} (
18... Qe7 19. b3 Qf7 20. Ba3 $14 Rfe8 21. Rac1 Rac8 22. Bd6 Nb8 23. Qe2 Nc6 24.
Qd2 $14 {1-0 Dautov,R-Cuijpers,F/Nimes 1991/EXT 97 (41)}) 19. Be3 (19. Ra3 Rc8
20. Qd1 Rc4 21. Rd3 Nb8 $11 {1/2-1/2 Touzane,O-Acs,P/Budapest 1995/EXT 97 (71).
(71)}) (19. b3 Nb8 20. Ba3 Nc6 $11 {1/2-1/2 Razuvaev,Y-Chernin,A/Tilburg 1994/
CBM 044 (34). (34)}) 19... Nb8 20. a5 {Danach baut Schwarz auf originelle Art
eine uneinnehmbare Festung auf, indem er seinen Springer nach b5 überführt.
Anderseits vermeidet Weiß, daß seine strukturellen Schwächen sich auf die
Dauer gegen ihn kehren.} a6 21. Rfc1 Nc6 22. Rc5 Na7 23. Rac1 Nb5 24. h4 Qe8
25. g3 Rf8 26. R1c2 Qf7 27. Kg2 h6 28. Qd1 Qf5 29. f3 h5 30. Bf4 Kh7 31. Be3
Rae8 32. Bg5 Kg8 33. Be3 Kh7 34. Bg5 1/2-1/2

[Event "Villa Martelli Ann 50th"]
[Site "Villa Martelli"]
[Date "2005.08.19"]
[Round "3"]
[White "Granda Zuniga, Julio E"]
[Black "Felgaer, Ruben Alejandro"]
[Result "1-0"]
[WhiteElo "2601"]
[BlackElo "2618"]
[Annotator "Huebner,R"]
[PlyCount "79"]
[EventDate "2005.08.17"]
[EventType "tourn"]
[EventRounds "10"]
[EventCountry "ARG"]
[EventCategory "13"]
[SourceTitle "CBM 109"]
[Source "ChessBase"]
[SourceDate "2005.11.14"]
[SourceVersion "1"]
[SourceVersionDate "2005.11.14"]
[SourceQuality "1"]

1. d4 d5 2. c4 c6 3. Nf3 Nf6 4. Nc3 dxc4 5. a4 Bf5 6. e3 e6 7. Bxc4 Bb4 8. O-O
O-O 9. Qe2 Bg6 10. Ne5 Nbd7 11. Nxg6 hxg6 12. Rd1 Qa5 13. Qc2 Rad8 14. Na2 Bd6
15. h3 Qh5 {Dies ist ein neuer Zug, der sehr plausibel aussieht.} (15... c5 16.
Bd2 Qc7 17. dxc5 Bxc5 18. Rac1 Be7 19. Qb1 Qb8 20. Be2 Nc5 21. Rc4 Rc8 22. Be1
Ncd7 23. Rcd4 Ne5 24. b4 Nd5 25. Qb3 g5 26. Nc3 Nxc3 27. Bxc3 Bf6 28. Bb2 Rfd8
29. Rxd8+ {1/2-1/2 Huzman,A-Anand,V/Haifa 2000/CBM 074 ext (29).}) 16. Qe2 Qh4
(16... Nb6 {ist auch spielbar:} 17. Qxh5 gxh5 18. Bb3 a5 19. Bd2 Ra8 {mit
Ausgleich.}) 17. Bd2 g5 18. Be1 Qh6 $6 {Es ist mir nicht klar, warum Schwarz} (
18... g4 {unterläßt. Nach} 19. f3 (19. e4 {scheitert an} gxh3 20. e5 hxg2 21.
Kxg2 Nh5) (19. g3 Qxh3 {ist für Weiß auch nicht erstrebenswert.}) 19... gxf3
20. Qxf3 (20. Bxh4 fxe2 21. Bxe2 e5 {führt zu gutem Spiel für Schwarz.}) 20...
Qe4 21. Nc3 (21. Qe2 Nd5 22. Bf2 Qg6 23. Bd3 f5 {ist ebenfalls sehr angenehm
für Schwarz.}) 21... Qxf3 22. gxf3 e5 {hat Schwarz keine Sorgen.}) 19. e4 e5
20. d5 Bc5 $2 {Schwarz unterschätzt die Bedeutung seiner Schwächen am
Damenflügel und veranschlagt die Kraft des Läufers zu hoch. Nach} (20... cxd5
21. Bxd5 (21. exd5 {ist schwächer; nach} g4 22. hxg4 $2 e4 23. g3 Ne5 {ist
Weiß verloren.}) 21... Nxd5 22. Rxd5 Nf6 {sollte sich Schwarz halten können.})
21. dxc6 bxc6 22. Nb4 Rc8 (22... Nh5 {sieht plausibler aus. Nach} 23. Rac1 (23.
Nd3 Bd4 24. Qf3 Nhf6 {ist weniger klar.}) 23... Nf4 24. Qf3 {behält Weiß
indessen auch beachtlichen Vorteil.}) 23. Rac1 a5 ({Vielleicht ist} 23... Qg6 {
verständiger, zum Beispiel} 24. Ba6 Rc7 25. Nd3 Bd4 26. Ba5 Nb6 27. Bb4 Re8 28.
a5 Nc8 29. Re1 g4 {, und Schwarz wehrt sich.}) 24. Nd3 Bb6 25. b4 g4 $6 (25...
Qg6 26. bxa5 Bd4 27. Nb4 Nc5 28. Nc2 {überläßt dem Weißen entscheidenden
Vorteil.}) (25... axb4 26. Bxb4 Rfe8 (26... c5 27. Bc3 {führt zu einer
positionell hoffnungslosen Stellung für Schwarz.}) 27. a5 Bd4 {ist dagegen
weniger klar, zum Beispiel} 28. Ba6 Rc7 29. Bd6 Ra7 30. Rxc6 Qh4 {mit
Rettungsaussichten, weil Weiß seinen a-Bauern nur schwer halten kann.}) 26.
hxg4 Qh4 27. Qf3 Nxg4 28. Qh3 Qg5 29. Nc5 $1 Ndf6 $6 {Schwarz ist wohl auf
jeden Fall verloren, aber er konnte sich natürlich zäher wehren:} (29... Nxc5
30. bxc5 Bc7 (30... Bxc5 {scheitert an} 31. Be2) 31. Bd2 Qg6 32. Rc3 Nf6 33.
Rg3 Qh5 (33... Qxe4 34. Bh6 g6 35. Bxf7+ {ist fatal für Schwarz.}) 34. Qxh5
Nxh5 35. Rg6 Nf6 36. Bh6 Nxe4 37. Rxg7+ Kh8 38. Rd3 {, und Weiß gewinnt.}) (
29... Bxc5 30. bxc5 Ngf6 (30... Nxc5 31. Be2 Nxf2 32. Bxf2 Nxe4 33. Bd3 {
ist ungenügend für Schwarz.}) (30... Ndf6 31. Bd2 Qg6 32. f3 Nh6 33. Bxa5 Ra8
34. Bc3 {, und Weiß gewinnt.}) 31. Bd2 Qg6 32. Bxa5 Ra8 33. Bc7 Rxa4 34. Rxd7
Nxd7 35. Qxd7 Qxe4 36. Bd3 {, und Weiß gewinnt.}) 30. Ne6 $18 Qg6 31. Nxf8 Rxf8
32. bxa5 Bd4 33. Be2 Qxe4 34. Bxg4 Nxg4 35. Qf3 Qg6 36. Rxc6 Qh5 37. Rdc1 Qh2+
38. Kf1 Qh1+ 39. Ke2 Nh2 40. Bb4 1-0

[Event "Corus"]
[Site "Wijk aan Zee"]
[Date "2004.01.10"]
[Round "1"]
[White "Van Wely, Loek"]
[Black "Bareev, Evgeny"]
[Result "1/2-1/2"]
[WhiteElo "2617"]
[BlackElo "2714"]
[Annotator "Huebner,R"]
[PlyCount "86"]
[EventDate "2004.01.10"]
[EventType "tourn"]
[EventRounds "13"]
[EventCountry "NED"]
[EventCategory "19"]
[SourceTitle "CBM 099"]
[Source "ChessBase"]
[SourceDate "2004.03.30"]
[SourceVersion "1"]
[SourceVersionDate "2004.03.30"]
[SourceQuality "1"]

1. d4 d5 2. c4 c6 3. Nf3 Nf6 4. Nc3 dxc4 5. a4 Bf5 6. e3 e6 7. Bxc4 Bb4 8. O-O
O-O 9. Qe2 Ne4 10. Bd3 Bxc3 11. bxc3 Nxc3 12. Qc2 Bxd3 13. Qxd3 Nd5 14. Rb1 b6
15. Ba3 Re8 16. Rfc1 Ne7 17. Ne5 Nd7 (17... f6 18. Nc4 Nc8 19. f4 a6 20. Qd2
Ra7 21. Qb2 b5 22. Bc5 Rd7 23. e4 bxc4 24. Qxb8 Nd6 {1/2-1/2 Nava Pereda,
C-Ferreiro Montoya,J/San Sebastian 1995/EXT 2001 (24).}) 18. Nc4 c5 19. Nd6 Rf8
20. dxc5 Nxc5 21. Bxc5 bxc5 22. Rxc5 Nf5 $6 ({Zum Ausgleich genügt} 22... Rc8
23. Qd4 Rxc5 24. Qxc5 Qd7 25. Rb7 (25. a5 Rd8 26. h3 h6 27. Nb7 Ra8) 25... Qxa4
26. h3 Qa1+ 27. Kh2 Nd5 $11) 23. Rd1 Qe7 24. Rcc1 Nxd6 25. Qxd6 Qf6 26. Qc7 h6
27. h3 g5 (27... a5 {ist ebenfalls nicht von Gefahr entblößt:} 28. Rc5 Rfd8 29.
Rf1 Rd2 30. Rxa5 Rxa5 31. Qxa5 Ra2 32. Qc7 Qf5 33. Qc4 {usw.}) (27... Rfb8 {
genügt auch nicht zum Ausgleich:} 28. Rc4 (28. a5 Rb2 29. Rc2 Rxc2 30. Qxc2 Qe5
$11) 28... a5 29. Rf4 Rc8 30. Qb7 Qg6 31. Rd7 Rab8 32. Qa7 Rb1+ 33. Kh2 Rcc1 (
33... f5 34. Rc7 Rd8 35. Rd4 {ist ebenfalls lästig für Schwarz.}) 34. Rg4 Qf6
35. Qa8+ Kh7 36. Qe4+ Kg8 37. Ra7 {usw.}) 28. a5 Rfb8 29. Qc6 a6 30. Rd7 Kg7
31. Rcd1 Rc8 32. Rc7 Rd8 33. Rf1 Qe5 34. Qb7 Rf8 35. Rxf7+ Rxf7 36. Qxa8 Qxa5
37. Qc6 Qa2 38. f4 $6 (38. Qc3+ Kh7 39. Qd3+ (39. f3 Rd7 {ist haltbar für
Schwarz.}) 39... Kg7 40. f3 {bietet eher Gewinnaussichten.}) 38... gxf4 39.
exf4 Qd5 40. Qxa6 Qd4+ 41. Kh1 Rxf4 42. Rxf4 Qxf4 43. Qxe6 h5 1/2-1/2

[Event "Corus"]
[Site "Wijk aan Zee"]
[Date "2004.01.24"]
[Round "12"]
[White "Van Wely, Loek"]
[Black "Shirov, Alexei"]
[Result "1/2-1/2"]
[WhiteElo "2617"]
[BlackElo "2736"]
[Annotator "Huebner,R"]
[PlyCount "99"]
[EventDate "2004.01.10"]
[EventType "tourn"]
[EventRounds "13"]
[EventCountry "NED"]
[EventCategory "19"]
[SourceTitle "CBM 099"]
[Source "ChessBase"]
[SourceDate "2004.03.30"]
[SourceVersion "1"]
[SourceVersionDate "2004.03.30"]
[SourceQuality "1"]

1. d4 d5 2. c4 c6 3. Nc3 Nf6 4. Nf3 dxc4 5. a4 Bf5 6. e3 e6 7. Bxc4 Bb4 8. O-O
Nbd7 9. Qe2 Bg6 10. e4 O-O 11. Bd3 h6 12. Rd1 Qe7 13. h3 e5 14. dxe5 Nxe5 15.
Nxe5 Qxe5 16. f4 Qa5 (16... Qc7 17. e5 Bxc3 18. bxc3 Nd5 19. Ra3 Bxd3 20. Rxd3
Rad8 21. c4 Ne7 22. Be3 c5 23. Bf2 b6 24. a5 Rxd3 25. axb6 axb6 26. Qxd3 Rd8
27. Qe4 Qc6 28. Qxc6 Nxc6 29. Ra6 Rd1+ 30. Kh2 Rb1 31. e6 fxe6 32. Bxc5 Na5 33.
Ra8+ Kh7 34. Bd4 Nc6 35. Ba1 Rc1 36. Ra6 Rxc4 37. Rxb6 Kg6 38. Rb7 Nd4 39. Re7
h5 40. Bxd4 Rxd4 41. Rxe6+ Kf5 42. Re5+ Kxf4 43. Rxh5 g5 44. Rh8 Kf5 {1/2-1/2
Piket,J-Shirov,A/Monte Carlo 2000/CBM 76 (44).}) 17. f5 Bh7 18. Bf4 Rfe8 19.
Qf3 (19. Qc2 $5) 19... Bxc3 20. bxc3 Qxc3 21. Rac1 $6 (21. Kh1 $5 {kommt in
Betracht. Nach} Nd7 22. Rac1 Qf6 23. Ba6 bxa6 24. Rxd7 Rxe4 25. Qxe4 Bxf5 26.
Be5 Qe6 27. Qxc6 Qxc6 28. Rxc6 Bxd7 29. Rxa6 {entsteht eine Remisstellung.})
21... Qd4+ 22. Kh2 Qxa4 23. e5 Nd5 24. Rc4 Qb3 $6 (24... Qa5 {kommt in
Betracht;} 25. Bg3 (25. Bxh6 gxh6 26. Rh4 Qc7 {dürfte nicht zum Ziel führen.})
25... Rad8 26. Rg4 f6 {kann Schwarz vielleicht aushalten.}) 25. Rb1 Qa3 26.
Rxb7 Nxf4 27. Rxf4 Rxe5 28. Qg3 ({Auch nach} 28. Rxf7 Rd5 (28... Qd6 29. Bc4
Rd5 30. Rb7 Bxf5 31. Qg3 {ist ungemütlich für Weiß.}) 29. Rd7 Kh8 30. Rxd5 cxd5
31. Qxd5 Rf8 {dürfte Schwarz sich halten können.}) 28... Qd6 (28... Rd5 {
ist gut genug zum Ausgleich:} 29. f6 g6 30. Bc4 Qxg3+ 31. Kxg3 g5 32. Rf1 a5
$11) (28... Qf8 29. Bc4 {ist ungünstig für Schwarz.}) 29. Bc4 Rxf5 ({Nach} 
29... Rd5 30. Bxd5 cxd5 31. Rf3 {bleibt der Läufer des Schwarzen eingesperrt.})
30. Rxf5 Qxg3+ 31. Kxg3 Bxf5 32. Rxf7 Bd3 33. Rxa7+ Bxc4 34. Rxa8+ Kf7 $11 35.
Kf4 Kf6 36. Re8 Bd5 37. g3 g5+ 38. Ke3 Bg2 39. h4 Bd5 40. Ra8 Kf5 41. Ra4 Kg6
42. Kf2 Kh5 43. Kg1 Kg6 44. Kh2 Kf5 45. g4+ Ke5 46. hxg5 hxg5 47. Kg3 c5 48.
Kf2 Bb3 49. Ra3 Bd1 50. Ke1 1/2-1/2

[Event "Rubinstein Memorial 36th"]
[Site "Polanica Zdroj"]
[Date "1999.08.18"]
[Round "2"]
[White "Bunzmann, Dimitrij"]
[Black "Van Wely, Loek"]
[Result "0-1"]
[WhiteElo "2596"]
[BlackElo "2629"]
[Annotator "Huebner,R"]
[PlyCount "112"]
[EventDate "1999.08.17"]
[EventType "tourn"]
[EventRounds "9"]
[EventCountry "POL"]
[EventCategory "15"]
[SourceTitle "CBM 073"]
[Source "ChessBase"]
[SourceDate "1999.12.01"]
[SourceVersion "1"]
[SourceVersionDate "1999.12.01"]
[SourceQuality "1"]

1. Nf3 Nf6 2. c4 c6 3. Nc3 d5 4. d4 dxc4 5. a4 Bf5 6. e3 e6 7. Bxc4 Bb4 8. O-O
Nbd7 9. Qe2 Bg6 10. e4 O-O 11. e5 Nd5 12. Ne4 c5 ({Üblicher ist} 12... Be7 {
mit etwa gleichen Aussichten für beide Teile. Der Textzug läßt einige schwarze
Felder unbeaufsichtigt.}) 13. Bg5 Qa5 (13... Qc7 $5) 14. Bb5 Qc7 {Dies
bedeutet meines Erachtens eine Verbesserung gegenüber dem früher versuchten
Zug 14...h6.} (14... h6 15. Bxd7 hxg5 16. Nexg5 cxd4 17. Nh4 Nf4 18. Qg4 Qxe5
19. Nxg6 Nxg6 20. Qh5 (20. Nxe6 {verschafft dem Weißen eine gefährliche
Initiative.}) 20... Rfe8 21. Bxe8 (21. Bxe8 Rxe8 {0-1 Safin,S-Tolstikh,N/
Simferopol 1989/EXT 97 (38)})) 15. Rfc1 h6 $6 {Dies hilft dem Weißen, den
Druck gegen den Punkt c5 zu mehren. Mit} (15... b6 {sollte sich Schwarz
ausreichend verteidigen können.}) 16. Bd2 b6 ({Die Fortsetzung} 16... Bxe4 17.
Qxe4 Bxd2 18. Nxd2 {ist unerfreulich für Schwarz.}) 17. Bxb4 Nxb4 18. Nd6 a6
19. Bxd7 Qxd7 20. dxc5 bxc5 21. Rxc5 {Weiß hat nun einen Mehrbauern, doch
Schwarz hat wirksam aufgestellte Figuren, und auf b4 ist ein Loch, so daß er
über ausgezeichnete Remisaussichten verfügt.} Rfb8 22. b3 Qa7 23. Rcc1 Nd5 24.
Qd1 Rb4 25. Rc4 Rab8 26. Qd4 $6 {Jetzt erreicht Schwarz Ausgleich.} ({Der
Versuch} 26. Rac1 Rxb3 27. Rc8+ Kh7 28. Nb5 {wird mit} Rxc8 29. Nxa7 (29. Rxc8
Qd7 {kostet den Weißen Material.}) 29... Rxc1 30. Qxc1 Rb1 $11 {pariert.}) ({
Am besten war} 26. Rxb4 Nxb4 27. Qd4 {Sonst dringt der Springer des Schwarzen
mit Kraft auf d3 ein.} Qxd4 28. Nxd4 Nd3 29. Nc4 {Weiß behält einen kleinen
Vorteil.}) ({Nach} 26. Nd4 Rxc4 27. bxc4 Nc3 28. Nc6 Qb6 29. Ne7+ Kh7 30. Qe1
Qb2 31. Nxg6 fxg6 32. c5 Nb1 33. c6 Qxa1 34. c7 Rf8 35. c8=Q Rxc8 36. Nxc8 Qb2
{hat Weiß keine Gewinnaussichten.}) 26... Qxd4 27. Nxd4 Bd3 28. Nc6 Rxb3 29.
Nxb8 Bxc4 30. Nxc4 $2 {Weiß erkennt nicht die ihn bedrohenden Gefahren und
läßt sich in eine passive Stellung fallen. Besser war} (30. Nd7 Bd3 (30... Be2
31. f3 {ist nicht wirksamer.}) 31. Nc5 Rc3 32. Nxd3 Rxd3 33. Rb1 {mit aktivem
Gegenspiel.}) 30... Rxb8 31. Kf1 $6 (31. g3 {gefällt mir besser; dem
Nachziehenden werden taktische Möglichkeiten genommen und die Stützung des
Bauern auf e5 durch f2-f4 ermöglicht. Dennoch behält Schwarz erklecklichen
Vorteil.}) 31... Rb4 32. Nd2 $2 (32. Nd6 {gefolgt von g2-g3 nebst Ta1-c1
sorgte immerhin für aktives Gegenspiel.}) 32... Nb6 33. a5 Nd7 34. Rc1 Nxe5 35.
Rc8+ Kh7 36. Ra8 Rb2 37. Ne4 Nd3 38. Rd8 {Weiß beschließt, sich passiv zu
verteidigen. Dies ist ziemlich hoffnungslos, aber die Fortsetzung} (38. Rxa6 f5
39. Ng3 Rxf2+ 40. Kg1 Ra2 41. Rxe6 {genügte wohl nicht zur Rettung:} Nf4 ({
Ob Schwarz nach} 41... Ra1+ 42. Nf1 Rxa5 43. h4 {gewinnen kann, ist sehr
fraglich.}) 42. Re5 g6 {, und nun:} (42... Rxg2+ 43. Kf1 Rxh2 ({Die Fortsetzung
} 43... g6 44. Re7+ Kg8 45. a6 {kann dem Schwarzen nicht empfohlen werden.})
44. Rxf5 g5 45. Rf6 {und Weiß sollte remis erreichen können.}) 43. Kf1 (43.
Nxf5 {scheitert an} Ra1+ 44. Kf2 Nd3+) ({Nach} 43. Re7+ Kg8 44. Kf1 (44. Ra7
Rxg2+ 45. Kh1 Ra2 46. Kg1 Nh3+ {dürfte Weiß nicht überleben können.}) 44...
Rxa5 45. Ne2 Ra1+ 46. Kf2 Ra2 {erhält Schwarz ein gewonnenes Bauernendspiel.})
43... Kg7 {Die Gewinnaussichten des schwarzen sind beträchtlich.}) 38... Nf4
39. Rd1 Ra2 40. g3 Nd5 41. Nd6 Kg6 42. Nb7 Rc2 43. Rb1 f5 44. Nd8 Kf6 45. Rb7
Rc7 46. Rb2 Ke7 47. Nb7 g5 48. Ke1 g4 49. Kd2 Nc3 50. Rb6 Na4 51. Rb4 Nc5 52.
Nxc5 Rxc5 53. Rb7+ Kf6 54. Rh7 Kg5 55. Rg7+ Kh5 56. Re7 e5 0-1

[Event "Bundesliga 0304"]
[Site "Germany"]
[Date "2004.02.15"]
[Round "9.2"]
[White "Bacrot, Etienne"]
[Black "Gustafsson, Jan"]
[Result "1-0"]
[WhiteElo "2664"]
[BlackElo "2571"]
[Annotator "Huebner,R"]
[PlyCount "71"]
[EventDate "2003.11.01"]
[EventType "team-tourn"]
[EventRounds "15"]
[EventCountry "GER"]
[SourceTitle "CBM 100"]
[Source "ChessBase"]
[SourceDate "2004.06.01"]
[SourceVersion "1"]
[SourceVersionDate "2004.06.01"]
[SourceQuality "1"]
[WhiteTeam "Bremer SG"]
[BlackTeam "Hamburger SK"]
[WhiteTeamCountry "GER"]
[BlackTeamCountry "GER"]

1. d4 d5 2. c4 c6 3. Nc3 Nf6 4. Nf3 dxc4 5. a4 Bf5 6. e3 e6 7. Bxc4 Bb4 8. O-O
Nbd7 9. Qe2 O-O 10. e4 Bg6 11. Bd3 Bh5 12. e5 Nd5 13. Nxd5 cxd5 14. Qe3 h6 15.
Ne1 Bg6 (15... Bxe1 16. Rxe1 Bg6 17. Bf1 Rc8 18. Bd2 Qe7 19. a5 Nb8 20. Rec1
Qd7 21. Bb4 Rxc1 22. Rxc1 Rc8 $11 {1/2-1/2 Beliavsky,A-Ribli,Z/Bled 2000/EXT
2001 (50). (50)}) 16. Bxg6 fxg6 17. Nc2 {So weit ich sehe, ist dies ein neuer
Zug; bisher wurde der Springer stets nach d3 gestellt. Die Idee liegt darin
nach 17...Le7 18.Dh3 die Antwort 19.Se3 auf 18...Tf5 parat zu haben.} (17. Nd3
Be7 18. Qh3 Rf5 19. Nf4 Nf8 $11 {1/2-1/2 Smejkal,J-Portisch,L/Budapest 1975/
MCL (40). (40)}) 17... Ba5 $6 {Dort gefällt mir der Läufer nicht. Ich bin der
Meinung, daß} (17... Be7 {auch in dieser Stellung gut möglich ist. Nach} 18.
Qh3 Qb6 19. a5 Qc6 {hat Schwarz keine besonderen Sorgen:} 20. Be3 (20. Ne3 Rfc8
21. Bd2 Nf8 {nebst g6-g5, Dc6-b5 usw. sieht für Schwarz auch nicht schlecht
aus.}) 20... Rfc8 21. Rfc1 Nf8) 18. Qd3 Kh7 (18... g5 {verdient Erwägung.}) 19.
f4 {Möglicherweise ist es genauer, zunächst} (19. b4 {zu spielen, damit sich
der Läufer nicht auf der Diagonale a7-g1 einrichten kann.}) 19... a6 20. b4 Bb6
21. g4 Qh4 {Dies scheint mir nicht schlecht zu sein; durch den indirekten
Druck gegen d4 verhindert Schwarz auf längere Zeit f4-f5.} 22. Ne3 Rac8 $6 {
Dies scheint mir ziemlich sinnlos zu sein, denn Schwarz kann auf der c-Linie
kein Spiel bekommen.} (22... Nb8 {kommt stark in Betracht. Nach} 23. Bd2 ({Nach
} 23. b5 axb5 24. Ba3 Nc6 25. Bxf8 Rxf8 {bin ich nicht sicher, daß Weiß seines
Lebens froh wird.}) 23... Nc6 24. Bc3 Qh3 {steht Schwarz vorzüglich.}) 23. Bd2
h5 $2 {Es ist für Schwarz jetzt nicht mehr so einfach, einen sinnvollen Plan
zu entwerfen, aber es besteht kein Grund dazu, sich selbst zu entleiben. Ich
schlage zum Beispiel} (23... Rf7 24. Rf3 Nf8 {nebst Kh7-g8 vor; Weiß wird es
auf Grund der Anfälligkeit des Bauern auf d4 nie einfach haben, durchzubrechen.
}) 24. Rae1 hxg4 25. Re2 Rf7 26. Rg2 Nf8 27. Rxg4 Qe7 28. a5 Ba7 29. Rf3 Kg8
30. Rh3 Qe8 $2 ({Einzig} 30... Qd7 31. Rgh4 Re7 {bietet Aussichten auf
Widerstand.}) 31. Rgh4 $18 Rfc7 32. f5 Kf7 33. Rh8 Qb5 ({Auf} 33... exf5 {folgt
} 34. Nxf5 Qxe5 35. Rf3 {, und Weiß gewinnt.}) 34. fxg6+ Ke7 (34... Ke8 35.
Rxf8+ Kxf8 36. Nf5 Bxd4+ 37. Kg2 {kostet Schwarz die Dame.}) 35. Rf3 Rc1+ 36.
Kg2 1-0